Music Quiz

Random Music or Artist Quiz

ITunes: 2012 Top 50 Songs from 4 Nations Quiz Stats

 Plays Quiz not verified by Sporcle

Support Sporcle.
Go Orange.
Score 0/200 Timer 15:00
0 Plays Today
Country Artist % Correct
USAADELE
94.4%
USAADELE
94.4%
USAADELE
94.4%
CanadaADELE
94.4%
CanadaADELE
94.4%
CanadaADELE
94.4%
UKADELE
94.4%
USAOwl City & Carly Rae Jepsen
93.8%
CanadaOwl City & Carly Rae Jepsen
93.8%
AustraliaOwl City & Carly Rae Jepsen
93.8%
USACarly Rae Jepsen
93.3%
CanadaCarly Rae Jepsen
93.3%
UKCarly Rae Jepsen
93.3%
AustraliaCarly Rae Jepsen
93.3%
USAPSY
93.1%
CanadaPSY
93.1%
UKPSY
93.1%
AustraliaPSY
93.1%
USAMaroon 5
92.9%
USATaylor Swift
92.9%
USAMaroon 5
92.9%
CanadaMaroon 5
92.9%
CanadaMaroon 5
92.9%
CanadaTaylor Swift
92.9%
CanadaMaroon 5
92.9%
UKMaroon 5
92.9%
UKTaylor Swift
92.9%
AustraliaMaroon 5
92.9%
AustraliaMaroon 5
92.9%
AustraliaTaylor Swift
92.9%
USAFun.
92.5%
USAFun.
92.5%
CanadaFun.
92.5%
CanadaFun.
92.5%
UKFun.
92.5%
AustraliaFun.
92.5%
AustraliaFun.
92.5%
USAOne Direction
91.7%
CanadaOne Direction
91.7%
AustraliaOne Direction
91.7%
AustraliaOne Direction
91.7%
UKColdplay & Rihanna
91.3%
USADavid Guetta & Nicki Minaj
90.9%
UKDavid Guetta
90.9%
USALMFAO
90.3%
USALMFAO
90.3%
CanadaLMFAO
90.3%
UKLMFAO
90.3%
USARihanna
89.9%
USARihanna
89.9%
CanadaRihanna
89.9%
CanadaRihanna
89.9%
CanadaRihanna
89.9%
UKRihanna
89.9%
UKRihanna
89.9%
AustraliaRihanna
89.9%
AustraliaRihanna
89.9%
USAGotye
89.7%
CanadaGotye
89.7%
UKGotye
89.7%
AustraliaGotye
89.7%
USAKaty Perry
89.5%
USAKaty Perry
89.5%
CanadaKaty Perry
89.5%
CanadaKaty Perry
89.5%
UKKaty Perry
89.5%
UKKaty Perry
89.5%
Country Artist % Correct
AustraliaKaty Perry
89.5%
AustraliaKaty Perry
89.5%
USANicki Minaj
88.9%
CanadaNicki Minaj
88.9%
CanadaNicki Minaj
88.9%
UKNicki Minaj
88.9%
AustraliaNicki Minaj
88.9%
USAJustin Bieber
88.7%
USAJustin Bieber
88.7%
CanadaJustin Bieber
88.7%
CanadaJustin Bieber
88.7%
USAKelly Clarkson
87.1%
USAFlo Rida
87.1%
CanadaFlo Rida
87.1%
CanadaKelly Clarkson
87.1%
UKFlo Rida
87.1%
UKKelly Clarkson
87.1%
AustraliaFlo Rida
87.1%
USAFlo Rida
84.9%
USAFlo Rida
84.9%
CanadaFlo Rida
84.9%
CanadaFlo Rida
84.9%
UKFlo Rida
84.9%
UKFlo Rida
84.9%
UKFlo Rida
84.9%
AustraliaFlo Rida
84.9%
AustraliaFlo Rida
84.9%
USADavid Guetta & Sia
82.5%
UKDavid Guetta
82.3%
CanadaKanye West & JAY Z
80.8%
UKJAY Z & Kanye West
80.8%
USAThe Wanted
78%
CanadaThe Wanted
78%
CanadaP!nk
75.6%
AustraliaP!nk
75.6%
USAColdplay
74.4%
CanadaColdplay
74.4%
UKColdplay
74.4%
AustraliaColdplay
74.4%
CanadaJessie J
72.2%
UKJessie J
72.2%
USATrain
72%
CanadaTrain
72%
UKTrain
72%
AustraliaTrain
72%
USAEllie Goulding
70.8%
CanadaEllie Goulding
70.8%
AustraliaDavid Guetta
68.5%
USAKanye West, Big Sean, Pusha T & 2 Chainz
67.7%
USADrake
65.1%
CanadaDrake
65.1%
AustraliaDrake
65.1%
USAJason Mraz
63.7%
CanadaJason Mraz
63.7%
UKJason Mraz
63.7%
CanadaKe$ha
63.3%
USAPitbull
62.9%
CanadaPitbull
62.9%
CanadaPitbull
62.9%
AustraliaPitbull
62.9%
USADemi Lovato
61.7%
UKChris Brown
59.7%
AustraliaChris Brown
59.7%
USACalvin Harris
58.7%
CanadaCalvin Harris
58.7%
AustraliaFoster the People
58.7%
USAUsher
58.5%
Country Artist % Correct
CanadaUsher
58.5%
UKSwedish House Mafia
57.5%
AustraliaSwedish House Mafia
57.5%
UKThe Script
55.8%
AustraliaThe Script
55.8%
USANeon Trees
55%
USAPhillip Phillips
54.8%
AustraliaEd Sheeran
53.6%
USACher Lloyd
52.4%
CanadaCher Lloyd
52.4%
USAAlex Clare
50.2%
USASnoop Dogg & Wiz Khalifa
50.2%
CanadaSnoop Dogg & Wiz Khalifa
50.2%
CanadaAlex Clare
50.2%
UKAlex Clare
50.2%
UKNe-Yo
49.2%
UKRita Ora
46%
UKRita Ora
46%
UKEmeli Sandé
44.6%
UKEmeli Sandé
44.6%
CanadaSkrillex
44.4%
AustraliaSkrillex
44.4%
USAKarmin
42.7%
UKwill.i.am
42.1%
USATyga
41.3%
UKFlorence + the Machine
41.1%
AustraliaFlorence + the Machine
41.1%
AustraliaFlorence + the Machine
41.1%
CanadaJennifer Lopez
40.7%
USAHunter Hayes
36.7%
AustraliaBirdy
36.7%
UKLabrinth
35.3%
AustraliaLabrinth
35.3%
UKLittle Mix
35.1%
AustraliaGym Class Heroes
34.3%
USALuke Bryan
30.2%
USAEric Church
28.2%
CanadaEric Church
28.2%
USALittle Big Town
27.8%
UKCheryl
27.4%
AustraliaThe Black Keys
26%
UKRizzle Kicks
25.6%
UKRobbie Williams
25%
UKSean Paul
24.2%
UKAzealia Banks
23.6%
UKRudimental
20.8%
AustraliaRudimental
20.8%
CanadaSimple Plan
18.3%
AustraliaGuy Sebastian
18.3%
UKStooshe
17.9%
UKDJ Fresh
17.1%
UKSam and the Womp
16.7%
AustraliaSam and the Womp
16.7%
UKTulisa
15.3%
UKWiley
14.1%
CanadaHedley
12.9%
AustraliaJames Morrison
12.3%
AustraliaT-Pain
12.3%
AustraliaFar East Movement
11.3%
AustraliaDelta Goodrem
10.9%
AustraliaMatt Corby
8.7%
AustraliaJustice Crew
7.9%
Australia360 & Gossling
6.3%
AustraliaQwote
5.8%
AustraliaTimomatic
5.4%
AustraliaLaurent Wery
4.2%

You're not logged in!

Compare scores with friends on all Sporcle quizzes.
OR
Log In

From the Vault

QWERTY Keyboard Pick

by AuroraIllumina

You may have a keyboard right in front of you, but try not to cheat.
Remove Ads.
Support Sporcle.
Get the best of Sporcle when you Go Orange. This ad-free experience offers more features, more stats, and more fun while also helping to support Sporcle. Thank you for becoming a member.

Show Comments

Extras

Top Quizzes Today


Score Distribution

Your Account Isn't Verified!

In order to create a playlist on Sporcle, you need to verify the email address you used during registration. Go to your Sporcle Settings to finish the process.

Report this User

Report this user for behavior that violates our Community Guidelines.

Details: